Uplatnenie marketingového mixu v Slovenskej sporiteľni, a.s. diplomová práca

Guardado en:
Detalles Bibliográficos
Autor principal: Kišac, Ondrej
Autor Corporativo: Obchodná fakulta EU. Katedra marketingu
Otros Autores: Kita, Pavol
Formato: Libro
Lenguaje:eslovaco
Publicado: Bratislava 2009
Etiquetas: Agregar Etiqueta
Sin Etiquetas, Sea el primero en etiquetar este registro!

MARC

LEADER 00000nam$a2200000$$$4500
001 0107572
005 20240318135541.6
041 0 |a slo 
044 |a SK 
245 1 0 |a Uplatnenie marketingového mixu v Slovenskej sporiteľni, a.s.  |b diplomová práca  |c Ondrej Kišac ; škol. Pavol Kita 
264 1 |a Bratislava  |c 2009 
300 |a 75 s. 
100 1 |a Kišac, Ondrej 
700 1 |a Kita, Pavol 
710 2 |a Obchodná fakulta EU. Katedra marketingu